Company law : (Record no. 7399)

MARC details
000 -LEADER
fixed length control field 02157cam a22002174a 4500
020 ## - INTERNATIONAL STANDARD BOOK NUMBER
ISBN 9780582784611
020 ## - INTERNATIONAL STANDARD BOOK NUMBER
ISBN 0582784611
050 10 - CALL NUMBER
Classification number KD2079
Item number .G75
100 1# - AUTHOR
Personal name Griffin, Stephen.
245 10 - TITLE
Title Company law :
Remainder of title fundamental principles /
Statement of responsibility, etc Stephen Griffin.
250 ## - EDITION
Edition statement 4th ed.
260 ## - PUBLICATION INFORMATION
Place of publication Harlow, England ;
-- New York :
Name of publisher Pearson Longman,
Year of publication 2006.
300 ## - DESCRIPTION
Number of Pages lvii, 478 p. ;
Dimensions 24 cm.
500 ## - NOTES
General note Chapter 12 on insider dealing contributed by Michael Hirst; chapter 15 on insolvency procedures contributed by Peter Walton.
505 ## - FORMATTED CONTENTS NOTE
Table of Content ContentsPrefaceAcknowledgementsTable of CasesTable of Statutes and Statutory MaterialsTable of European and International Legislation1. The Legal Characteristics of a Registered Company 2. The Courts' Ability to Dislodge the Corporate Veil at Common Law or in Equity 3. The Promotion and Formation of a Company 4. A Company's Memorandum and Articles of Association5. The Classification and Structures of Companies and Other Types of Business6. Corporate Liability 7. A Company's Contractual Capacity 8. The Authority of Directors and Other Officers to Bind the Company 9. The Legal Nature and Characteristics of Holding Shares in a Limited Company 10. The Classification and Maintenance of Share Capital 11. The Acquisition of Shares in a Public Company 12. Insider Dealing, Market Abuse and Related Matters 13 Loan Capital 14. The Priority Rights of Creditors and the Registration of Charges 15. Insolvency Law Procedures16. Directors and the Management of a Company17. The Duties of the Management of a Company18. A Director's Personal Liability to Contribute Towards the Debts and Liabilities of the Company19. The Disqualification of Company Directors 20. Corporate Governance Issues21. The Company in General Meeting22. The Division of a Company's Powers between the Board and General Meeting23. Shareholder Actions -- the Protection of the Company's Interests24. The Statutory Protection of a Minority Shareholder25.department of trade and industry investigations
650 #0 - SUBJECTS
Topical Term Corporation law
650 #0 - SUBJECTS
Topical Term Corporation law
700 1# - OTHER AUTHORS
Personal name Hirst, Michael,
700 1# - OTHER AUTHORS
Personal name Walton, Peter,
942 ## - ADDED ENTRY ELEMENTS (KOHA)
Koha item type Books
Holdings
Withdrawn status Lost status Collection code Home library Current library Shelving location Date acquired Full call number Accession Number Koha item type
    Reference Methodist University Library Main Methodist University Library Main General Stacks 27/03/2007 KD2079 .G75 27938 Books
    Reference Methodist University Library Main Methodist University Library Main General Stacks 27/03/2007 KD2079 .G75 27927 Books
    Reference Methodist University Library Main Methodist University Library Main General Stacks 27/03/2007 KD2079 .G75 27937 Books
Copyright © 2026  MUG Library